Elements of mathematical ecology / (Record no. 8790)

MARC details
000 -LEADER
fixed length control field 01322cam a22003374a 4500
001 - CONTROL NUMBER
control field 12227021
003 - CONTROL NUMBER IDENTIFIER
control field OSt
005 - DATE AND TIME OF LATEST TRANSACTION
control field 20240625104642.0
008 - FIXED-LENGTH DATA ELEMENTS--GENERAL INFORMATION
fixed length control field 001109s2001 enka b 001 0 eng
010 ## - LIBRARY OF CONGRESS CONTROL NUMBER
LC control number 00065165
020 ## - INTERNATIONAL STANDARD BOOK NUMBER
International Standard Book Number 052180213X
020 ## - INTERNATIONAL STANDARD BOOK NUMBER
International Standard Book Number 0521001501 (pb.)
040 ## - CATALOGING SOURCE
Original cataloging agency MUST LIBRARY
Transcribing agency MUST
Modifying agency MUST
042 ## - AUTHENTICATION CODE
Authentication code pcc
050 00 - LIBRARY OF CONGRESS CALL NUMBER
Classification number QH352
Item number .K66 2001
082 00 - DEWEY DECIMAL CLASSIFICATION NUMBER
Classification number 577
Edition number 21
Item number KOT
100 1# - MAIN ENTRY--PERSONAL NAME
Personal name Kot, Mark,
Dates associated with a name 1956-
9 (RLIN) 17684
245 10 - TITLE STATEMENT
Title Elements of mathematical ecology /
Statement of responsibility, etc. Mark Kot.
260 ## - PUBLICATION, DISTRIBUTION, ETC. (IMPRINT)
Place of publication, distribution, etc. Cambridge ;
-- New York, NY :
Name of publisher, distributor, etc. Cambridge University Press,
Date of publication, distribution, etc. c2001.
300 ## - PHYSICAL DESCRIPTION
Extent ix, 453 p. :
Other physical details ill. ;
Dimensions 26 cm.
504 ## - BIBLIOGRAPHY, ETC. NOTE
Bibliography, etc Includes bibliographical references (p. 425-442).
650 #0 - SUBJECT ADDED ENTRY--TOPICAL TERM
Topical term or geographic name as entry element Population biology
General subdivision Mathematical models.
9 (RLIN) 14137
650 #0 - SUBJECT ADDED ENTRY--TOPICAL TERM
Topical term or geographic name as entry element Ecology
General subdivision Mathematical models.
9 (RLIN) 14315
650 #0 - SUBJECT ADDED ENTRY--TOPICAL TERM
Topical term or geographic name as entry element Population biology
General subdivision Mathematics.
9 (RLIN) 17685
650 #0 - SUBJECT ADDED ENTRY--TOPICAL TERM
Topical term or geographic name as entry element Ecology
General subdivision Mathematics.
9 (RLIN) 17686
856 42 - ELECTRONIC LOCATION AND ACCESS
Materials specified Publisher description
Uniform Resource Identifier http://www.loc.gov/catdir/description/cam021/00065165.html
856 41 - ELECTRONIC LOCATION AND ACCESS
Materials specified Table of contents
Uniform Resource Identifier http://www.loc.gov/catdir/toc/cam025/00065165.html
906 ## - LOCAL DATA ELEMENT F, LDF (RLIN)
a 7
b cbc
c orignew
d 1
e ocip
f 20
g y-gencatlg
942 ## - ADDED ENTRY ELEMENTS (KOHA)
Source of classification or shelving scheme Dewey Decimal Classification
Koha item type Open Shelf
Holdings
Withdrawn status Lost status Source of classification or shelving scheme Damaged status Not for loan Home library Current library Date acquired Source of acquisition Inventory number Total Checkouts Full call number Barcode Date last seen Price effective from Koha item type
    Dewey Decimal Classification     MUST Main Library MUST Main Library 25/06/2024 Purchase 12/36799   577 KOT 2024-21170 25/06/2024 25/06/2024 Open Shelf